Ḳol ani shomeʼa / (Record no. 33481)
[ view plain ]
| 000 -LEADER | |
|---|---|
| fixed length control field | 00693cam a22002291 4500 |
| 001 - CONTROL NUMBER | |
| control field | he 68002029 |
| 003 - CONTROL NUMBER IDENTIFIER | |
| control field | DLC |
| 005 - DATE AND TIME OF LATEST TRANSACTION | |
| control field | 20260227111500.0 |
| 008 - FIXED-LENGTH DATA ELEMENTS--GENERAL INFORMATION | |
| fixed length control field | 840827s1967 is j 000 0 heb |
| 010 ## - LIBRARY OF CONGRESS CONTROL NUMBER | |
| LC control number | he 68002029 |
| 035 ## - SYSTEM CONTROL NUMBER | |
| System control number | (OCoLC)19198156 |
| 040 ## - CATALOGING SOURCE | |
| Original cataloging agency | DLC |
| Transcribing agency | MH |
| Modifying agency | DLC |
| 042 ## - AUTHENTICATION CODE | |
| Authentication code | premarc |
| 050 00 - LIBRARY OF CONGRESS CALL NUMBER | |
| Classification number | PZ90.H3 |
| Item number | W446 |
| 100 1# - MAIN ENTRY--PERSONAL NAME | |
| Personal name | Werba, Chawa. |
| 245 10 - TITLE STATEMENT | |
| Title | Ḳol ani shomeʼa / |
| Statement of responsibility, etc. | tsilumim meʼet Hilah Shṭrenger-Raḥmilevits [ṿe]-Nili Sher. |
| 260 ## - PUBLICATION, DISTRIBUTION, ETC. | |
| Place of publication, distribution, etc. | [Tel Aviv] : |
| Name of publisher, distributor, etc. | Tarbut ṿe-hinukh, |
| Date of publication, distribution, etc. | [1967] |
| 300 ## - PHYSICAL DESCRIPTION | |
| Extent | 1 v. (unpaged) : |
| Other physical details | ill. ; |
| Dimensions | 23 x 25 cm. |
| 700 2# - ADDED ENTRY--PERSONAL NAME | |
| Personal name | Shtrenger-Raḥmilevits, Hilah, |
| Relator term | illus. |
| 700 1# - ADDED ENTRY--PERSONAL NAME | |
| Personal name | Sher, Nili, |
| Numeration | illus. |
| 752 ## - ADDED ENTRY--HIERARCHICAL PLACE NAME | |
| Country or larger entity | Israel |
| City | Tel Aviv |
No items available.